000 00357nam a22001335i 4500
001 171440
003 ES-MaACL
005 20230906214632.0
008 090514s1919 sp |||| | spa d
100 1 _aSokol.
_9140152
245 1 3 _aLa cuestión del AdriÔtico
_b: Yugoslavia e Italia.
260 _aMadrid :
_b[s.n.,
_c1919]
852 _aES-MaACL
_j1488-F-15
999 _c171440
_d171440